Viết ở bậc Đại học cẩm nang dành cho sinh viên
Nội dung gồm: Bạn và việc viết ở bậc đại học; Khởi động viết; Viết cho các khóa học khác nhau; Bắt đầu với tiêu đề; Đọc như là một phần của viết; Tổ chức và định hình bài viết của bạn; Đưa ra lập luận và thuyết phục người đọc; S...
Sparad:
| Huvudupphovsman: | |
|---|---|
| Övriga upphovsmän: | |
| Materialtyp: | Bok |
| Språk: | Undetermined |
| Publicerad: |
Bình Dương
Trường Đại
2020
|
| Ämnen: | |
| Länkar: | http://lrc.tdmu.edu.vn/opac/search/detail.asp?aID=2&ID=41608 |
| Taggar: |
Lägg till en tagg
Inga taggar, Lägg till första taggen!
|
| Thư viện lưu trữ: | Trung tâm Học liệu Trường Đại học Thủ Dầu Một |
|---|
| LEADER | 01381nam a2200217Ia 4500 | ||
|---|---|---|---|
| 001 | TDMU_41608 | ||
| 008 | 210410s9999 xx 000 0 und d | ||
| 082 | |a 621.310285 | ||
| 090 | |b C202 | ||
| 100 | |a Creme, Phyllis | ||
| 245 | 0 | |a Viết ở bậc Đại học cẩm nang dành cho sinh viên | |
| 245 | 0 | |c Phyllis Creme, Mary R. Lea; Phạm Văn Thịnh, Phạm Mây Mây, Nguyễn Văn Nhật, Đinh Phan Tuyết Quỳnh | |
| 260 | |a Bình Dương | ||
| 260 | |b Trường Đại | ||
| 260 | |c 2020 | ||
| 300 | |a 245tr. | ||
| 520 | |a Nội dung gồm: Bạn và việc viết ở bậc đại học; Khởi động viết; Viết cho các khóa học khác nhau; Bắt đầu với tiêu đề; Đọc như là một phần của viết; Tổ chức và định hình bài viết của bạn; Đưa ra lập luận và thuyết phục người đọc; Sử dụng hiệu quả các nguồn tài liệu; Đặt mình vào bài học thuật; Viết thành bài; Hoàn tất bài viết và chuẩn bị cho lần sau.... | ||
| 650 | |a Giáo dục đại học |x Viết |v Cẩm nang | ||
| 700 | |a Lea, Mary R | ||
| 856 | |u http://lrc.tdmu.edu.vn/opac/search/detail.asp?aID=2&ID=41608 | ||
| 980 | |a Trung tâm Học liệu Trường Đại học Thủ Dầu Một | ||